| 000 | 00882nam a22002415i 4500 | ||
|---|---|---|---|
| 001 | 176697 | ||
| 003 | ES-MaACL | ||
| 005 | 20230906220150.0 | ||
| 008 | 110202s2009 sp ao |||| | glg d | ||
| 020 | _a978-84-92590-27-8 | ||
| 080 | _a811.134.4'373.21(460.115) | ||
| 100 | 1 |
_aVilar Pedreira, Xosé Lois. _9144991 |
|
| 245 | 1 | 0 |
_aTalasonimia da costa sur de Galicia _b: da Punta do Caranguexo (Panxón, nigrán) ó Regueiro da Gándara (Salcidos, A Guarda) / _cXosé Lois Vilar Pedreira. |
| 250 | _a2ª ed. | ||
| 260 |
_aGondomar [Pontevedra] : _bInstituto de Estudos Miñoranos, _c2009. |
||
| 300 |
_a261 p. : _bil. col. y n. ; _c22 cm. |
||
| 490 | 1 | _aUniversitas minoris | |
| 504 | _aBibliografía: p. 253-261. | ||
| 650 | 4 |
_aNombres geográficos- _zGalicia. _9144997 |
|
| 830 | 0 |
_aUniversitas minoris _9191063 |
|
| 852 |
_aES-MaACL _jE-14168 |
||
| 999 |
_c176697 _d176697 |
||